000 00687nam a2200253Ia 4500
003 OSt
005 20221006160741.0
006 a|||||r|||| 00| 0
007 ta
008 221006b |||||||| |||| 00| 0 eng d
020 _a9788972552314
_cW15,000
024 _a46,231
037 _cTextual
040 _aEASL
_cEASL
_beng
041 _2eng
_aeng
082 _aP495:3, P5.1
100 _aHYE Lee Mi
_9674970
245 0 _aKorean language for a Good job
260 _aSeoul
_bDarakwon Korean
_c2005
300 _a209p.
_ccm.
490 _v1 1 KL
_aKorean skills for the workplace
942 _hP495:3, P5.1
_cTEXL
_2CC
999 _c1114323
_d1114323